000
00323nam a22001337a 4500
008
180919b xxu||||| |||| 00| 0 eng d
020
_a
070414106
041
_a
eng
080
_2
3 ED
_a
330.722
100
_a
62
101
_a
KON
245
_a
Accouting The Basis For Business Decisions
_c
Meigs.W.B
942
_2
udc
_c
BK
999
_c
48071
_d
48071